00690nam a22001815i 4500001000700000003000900007005001700016008004100033040003000074100003800104245008900142250005000231260003300281300002800314650003200342700003800374852009600412152019ES-MaACL20251002204327.0020711s1886 fr a |||| | fre d aCCPB | B bspa cCCPB | B1 aBerthelot, Marcellin, d1827-190710aTraité élémentaire de chimie organique / cpar M. Berthelot et E. Jungfleisch. a3ème éd. rev. et considérablement augm. aParis : bCh. Dunod, c1886. a2 v. : bil. ; c24 cm. 7aQuímica orgánica2embne1 aJungfleisch, Émile, d1839-1916 aES-MaACLjF-10701-02 z-- Enc. piel x-- Completar T260: (Bourloton: Imprimeries réunies)